000 00582nam a22002177a 4500
003 OSt
005 20240413153449.0
008 160209b xxu||||| |||| 00| 0 eng d
020 _a0750650575
040 _c040a
082 _a005.26 LIE 2000
100 _aLiengme, Bernard V.
_96745
245 _aA guide to Microsoft Excel:
_bfor scientists and engineers
250 _a2nd.ed
260 _aOxford
_bButterworth Heinemann
_c2000
300 _axii,275p;
_bill :
_c13 cm.
504 _aincludes index
648 _aMicrosoft
_96746
650 _2Programming
942 _2ddc
_cSLOAN
999 _c3003
_d3003